Prosa selecta /
Guardado en:
| Autor Principal: | |
|---|---|
| Formato: | Libro |
| Publicado: |
Buenos Aires :
Estrada, 0
|
| Edición: | 11a. d |
| Materias: | |
| Etiquetas: |
Agregar Etiqueta
Sin Etiquetas, Sea el primero en etiquetar este registro!
|
| LEADER | 00796nam a22001935a 4500 | ||
|---|---|---|---|
| 001 | CEM.cems002693 | ||
| 005 | 20060217000000.0 | ||
| 008 | 130507b######################000#0#####d | ||
| 003 | CEMS | ||
| 082 | 0 | 4 | |a 468.6 |
| 100 | 1 | |a García Belloso, Enrique | |
| 245 | 1 | 0 | |a Prosa selecta / |c Enrique Garcia Belloso |
| 250 | |a 11a. d | ||
| 260 | |a Buenos Aires : |b Estrada, 0 | ||
| 300 | |a 339 p. | ||
| 505 | 0 | |a Coleccion de trozos escogidos de autores nacionales y extranjeros, precedida de in ligero estudio de ortografia, de otro sobre los origenes del lenguaje castellano, de otro sobre teoria literaria, y seguida de una seleccion de locuciones y maximas griegas y latinas mas usuales | |
| 653 | |a Lectura-manual de | ||
| 653 | |a Sintaxis | ||
| 859 | |a CEMS |b BIB. CEMS - 11 de abril |h 468.6 |i G165a11/II |p 9605.81 |t Ej.1 | ||
